Digital signal processing : A modern introduction
محفوظ في:
| المؤلف الرئيسي: | |
|---|---|
| التنسيق: | كتاب |
| اللغة: | Undetermined |
| منشور في: |
Toronto, Ont.
Thomson
2007
|
| الموضوعات: | |
| الوسوم: |
إضافة وسم
لا توجد وسوم, كن أول من يضع وسما على هذه التسجيلة!
|
| Thư viện lưu trữ: | Trung tâm Học liệu Trường Đại học Cần Thơ |
|---|
| LEADER | 00569nam a2200217Ia 4500 | ||
|---|---|---|---|
| 001 | CTU_129247 | ||
| 008 | 210402s9999 xx 000 0 und d | ||
| 020 | |c 1943000 | ||
| 082 | |a 621.3822 | ||
| 082 | |b A491 | ||
| 100 | |a Ambardar, Ashok | ||
| 245 | 0 | |a Digital signal processing : | |
| 245 | 2 | |b A modern introduction | |
| 245 | 0 | |c Ashok Ambardar | |
| 260 | |a Toronto, Ont. | ||
| 260 | |b Thomson | ||
| 260 | |c 2007 | ||
| 650 | |a Signal processing | ||
| 650 | |x Digital techniques | ||
| 904 | |i Nguyên | ||
| 980 | |a Trung tâm Học liệu Trường Đại học Cần Thơ | ||